Nuôi vịt ở miền Nam Việt Nam

Đã lưu trong:
書目詳細資料
主要作者: Trần Thế Thông
格式: 圖書
語言:Undetermined
出版: Hà Nội Nông Nghiệp 1982
主題:
標簽: 添加標簽
沒有標簽, 成為第一個標記此記錄!
Thư viện lưu trữ: Trung tâm Học liệu Trường Đại học Cần Thơ
LEADER 00540nam a2200169Ia 4500
001 CTU_14237
008 210402s9999 xx 000 0 und d
082 |a 636.5 
082 |b Th455n 
100 |a Trần Thế Thông 
245 0 |a Nuôi vịt ở miền Nam Việt Nam 
245 0 |c Trần Thế Thông, Hồ Văn Giá, Lê Xuân Đồng 
260 |a Hà Nội 
260 |b Nông Nghiệp 
260 |c 1982 
650 |a ducks,poultry - breeding 
980 |a Trung tâm Học liệu Trường Đại học Cần Thơ